| 000 | 00869nam a22001337a 4500 | ||
|---|---|---|---|
| 040 | _cRUA | ||
| 082 | _aAVM TEU 2018 B649 Or.1 | ||
| 100 | _aTEUNG CHHORLEANG ទឹង ឆលាង | ||
| 245 | _aantimicrobial resistance profile of escherichia coli isolated from native chicken's house surface in dangkor district, phnom penh city ភាពសុាំនៃបាត់តេរីអឺកូលីទៅនឹងឪសថអង់ទីប្យូទិចដែលញែកចេញពីបរិស្ថានផ្ទៃខាងលើនៃអាងចញ្ចឹមមាន់ស្រុកក្នុងខណ្ឌដង្កោ រាជធានីភ្នំពេញ | ||
| 260 |
_aRUA _bPhnom penh _c2018 |
||
| 300 |
_avi; _bill; _c29cm |
||
| 856 | _uhttps://drive.google.com/file/d/1oC_YTFcVGfgyo6rx_u3Y0VJkL-srjb4N/view?usp=sharing | ||
| 942 | _cAVM | ||
| 999 |
_c18315 _d18315 |
||